| 000 | 00448 a2200133 4500 | ||
|---|---|---|---|
| 020 | _a080167235X | ||
| 050 |
_aRT89 _b.M63 1993 |
||
| 100 |
_aMorrison, Michelle. _95846 |
||
| 245 |
_aProfessional skills for leadership : _bfoundations of a successful career / _cMichelle Morrison. |
||
| 260 |
_aSt. Louis : _bMosby, _c♭1993. |
||
| 300 |
_axi, 403 p. : _bill. ; _c24 cm. |
||
| 504 | _aIncludes bibliographical references and index. | ||
| 942 |
_2lcc _cBK _n0 |
||
| 999 |
_c2832 _d2832 |
||